| 000 | 01707aaa a2200253 a 4500 | ||
|---|---|---|---|
| 001 | 78489 | ||
| 003 | BD-RjUL | ||
| 005 | 20211209083132.0 | ||
| 008 | 210928s20051426su ||||| brb| 001 p ara d | ||
| 020 | _a977382053X | ||
| 035 | _a(BD-RjUL)78715 | ||
| 040 |
_aBD-RjUL _beng _cBD-RjUL |
||
| 041 | _aara | ||
| 082 |
_223 _a016.89271092 _bNAM 2005[1426] |
||
| 100 |
_aنوفل، يوسف حسن.. ;; Yūsuf Ḥasan Nawfal _9248570 |
||
| 245 |
_a موسوعة الشعر العربي الحديث والمعاصر : حصر شامل لشعراء العالم العربي كله (7000 شاعرن) ودواوينهم، والمختارات والمجموعات والمطولات الشعرية، ودراسة حديثة لدواوينهم ومسيرة تطورها: العنوان، والمقدمات، والجمع والتحقيق، والنشر والطباعة، والتجنيس الادبي / Mawsūʻat al-shiʻr al-ʻArabī al-ḥadīth wa-al-muʻāṣir : ḥaṣr shāmil li-shuʻarāʼ al-ʻālam al-ʻArabī kullih (7000 shāʻiran) wa-dawāwīnihim, wa-al-mukhtārāt wa-al-majmūʻāt wa-al-muṭawwalāt al-shiʻrīyah, wa-dirāsah ḥadīthah li-dawāwīnihim wa-masīrat taṭawwurihā: al-ʻunwān, wa-al-muqaddimāt, wa-al-jamʻ wa-al-taḥqīq, wa-al-nashr wa-al-ṭibāʻah, wa-al-tajnīs al-adabī _c يوسف حسن نوفل. ;; Yūsuf Ḥasan Nawfal |
||
| 260 |
_aالقاهرة : _bمؤسسة المختار، _c٢٠٠٥ |
||
| 260 |
_aal-Qāhirah : _bMuʼassasat al-Mukhtār, _c2005 |
||
| 300 |
_a1085 pages ; _c24 cm |
||
| 650 |
_a Arabic poetry _v Bibliography. _y20th century _9248571 |
||
| 650 |
_aArabic poetry. _9248572 |
||
| 650 |
_aPoets, _z Arab _9248573 |
||
| 942 |
_2ddc _cBK |
||
| 999 |
_c78489 _d78489 |
||